Svet ľudí - svet farieb

Bibliographic Details
Main Author: Bindzár, Juraj, 1943-2019 (Author)
Format: Article
Language:Slovak
Subjects:

MARC

LEADER 00000nab a2200000uu 4500
001 vtls012238485
003 SK-MaSNL
005 20260304013441.0
008 230905|2014 xo |||||||||||||||||slo|
015 |a SNBRB 
040 |a SNKBUCL  |b slo  |c SNKBUCL  |e AACR2 
041 0 |a slo 
044 |a xo  |c SK 
100 1 |a Bindzár, Juraj,  |d 1943-2019  |4 aut  |9 105677 
245 1 0 |a Svet ľudí - svet farieb  |c Juraj Bindzár 
500 |a Uverejnené v rubrike Rozhľadňa, v podrubrike Ex Libris, ktorú pre Slovenské pohľady píše Juraj Bindzár 
600 1 7 |a Pastoureau, Michel,  |d 1947-  |t Modrá : dějiny jedné barvy  |2 SNK  |9 1294479 
650 0 7 |a modrá farba  |2 SNKPH  |9 594476 
650 0 7 |a preklady z francúzštiny  |2 SNKPH  |9 100040 
650 0 7 |a preklady do češtiny  |2 SNKPH  |9 66131 
655 7 |a kritiky  |2 SNKPH  |9 28608 
773 0 |t Slovenské pohľady  |g Roč. IV.+130, č. 4 (2014), s. 110-113 
852 |a Slovenská národná knižnica 
954 |a odborná, vedecká literatúra pôvodná (slovenská)  |2 lita 
999 |c 2575868  |d 2577798